000 00254nam a2200109Ia 4500
008 190216s9999||||xx |||||||||||||| ||und||
100 _aAgarwal Rk & Vaish Mc
245 0 _aModern Banking
260 _bS Chand & Co
_c1978
300 _a485p
942 _cBK
999 _c5282
_d5282